000 00977cam6a220026500 4500
001 lce00604209
008 690113s1968 inua b 001 0 eng
010 _a 67018662 //r85
020 _c
_9.00
035 _a(Sirsi) r114676
035 _a(DLC) 67018662 //r85
035 _a(UPRA)lce00604209
040 _dUPRA
050 0 _aLB1131
_b.C435
082 _a370.15
100 1 _aCattell, Raymond B. (Raymond Bernard), 1905-
_qCattell, Raymond B. (Raymond Bernard), 1905-
_dCattell, Raymond B. (Raymond Bernard), 1905-
_6A4571.1
245 1 4 _aThe prediction of achievement and creativity /
_c[by] Raymond B. Cattell and H.J. Butcher.
260 _aIndianapolis :
_bBobbs-Merrill,
_c[1968]
504 _aBibliography: p. 355-371.
650 0 _aPrediction of creative ability.
_6S57366.1
650 0 _aPrediction of scholastic success.
_6S3637.1
700 1 _aButcher, Harold John.
_6A77109.1
949 _aLB1131
_wlcc
_i-164851
_mMAIN
_tBOOK
_lON-SHELF
004 114676
999 _c195362
_d195362